Asociácie Eurocard/MasterCard a Visa ovládajú viac ako 90 percent svetového trhu platobných a bankomatových kariet

Charakteristika svetového trhu platobných a bankomatových kariet. Produkty spoločností Visa, Eurocard/MasterCard, Europay International. Elektronická peňaženka Clip spoločnosti Europay. Rozvoj čipových platobných kariet vo svete. Slovenský bezhotovostný platobný systém má šancu integrovať sa do medz...

Descrizione completa

Salvato in:
Dettagli Bibliografici
Autore principale: Suďa, P.
Natura: Capitolo di libro
Lingua:slovacco
Soggetti:
Tags: Aggiungi Tag
Nessun Tag, puoi essere il primo ad aggiungerne!!

MARC

LEADER 00000naa a2200000 4500
001 r021437
005 20240209113554.9
041 0 |a slo 
044 |a SK 
245 1 0 |a Asociácie Eurocard/MasterCard a Visa ovládajú viac ako 90 percent svetového trhu platobných a bankomatových kariet  |c P. Suďa 
520 |a Charakteristika svetového trhu platobných a bankomatových kariet. Produkty spoločností Visa, Eurocard/MasterCard, Europay International. Elektronická peňaženka Clip spoločnosti Europay. Rozvoj čipových platobných kariet vo svete. Slovenský bezhotovostný platobný systém má šancu integrovať sa do medzinárodných platobných štruktúr. Vývoj platobného styku vo svete v r. 1993 a predpoklad na r. 2100. Domáce elektronické platobné karty v SR. Počet kariet vo svete v r. 1992-1995. 
610 2 0 |a Slovensko 
610 2 0 |a svet 
610 2 0 |a banky 
610 2 0 |a styk platobný hotovostný 
610 2 0 |a styk platobný bezhotovostný 
610 2 0 |a karty platobné 
610 2 0 |a bankomaty 
610 2 0 |a Visa International 
610 2 0 |a Europay International S.A. 
100 1 |a Suďa, P.